000 00672nam a2200217 i 4500
001 13609
003 ES-MaACL
005 20250809040607.0
007 t|
008 921221s1987 cl ||||0| spa d
080 _a347(04)
100 1 _aDuguit, Léon.
_945936
245 1 4 _aLas transformaciones generales del derecho privado desde el código de Napoleón /
_cLeón Duguit.
260 _aValparaíso :
_bEdeval,
_c[1987]
300 _a179 p. ;
_c19 cm.
490 1 _aJuristas perennes ;
_v8
650 0 7 _aDerecho civil
_2embne
_911656
830 0 _aJuristas perennes ;
_v8
_9179517
852 _aES-MaACL
_jL-20963
_bR.126635
999 _c13609
_d13609